El Capital social: què és i com es mesura / Fernando Barreiro Cavestany què és i com es mesura / Fernando Barreiro Cavestany
Descripción Física:
47 p. ; 30 cm
MARC
| LEADER | 00000nam a2200000Ia 4500 | ||
|---|---|---|---|
| 001 | 16830 | ||
| 008 | 160829s2003 xx 000 0 cat d | ||
| 080 | |a FU-46-6 | ||
| 100 | |a Barreiro Cavestany, Fernando |9 18449 | ||
| 245 | |a El Capital social: |b què és i com es mesura / Fernando Barreiro Cavestany | ||
| 250 | |a Ed. no venal | ||
| 260 | |a Barcelona : |b Diputació de Barcelona, |c 2003 | ||
| 300 | |a 47 p. ; |c 30 cm | ||
| 490 | |a Síntesi (Centre per a la Innovació Local) ; 6 | ||
| 590 | |a Bibliografia. | ||
| 590 | |a A la coberta: Centre per a la Innovació Local | ||
| 650 | |a Capital social |9 23075 | ||
| 650 | 0 | |a Desenvolupament económic |9 28523 | |
| 650 | 0 | |a Educació cívica |9 35230 | |
| 650 | 0 | |a Xarxes socials en línia |9 50989 | |
| 710 | 1 | |a Barcelona (Catalunya : Província). |b Diputació |9 52408 | |
| 710 | 2 | |a Centre per a la Innovació Local |9 54171 | |
| 901 | |a Arxiu | ||
| 942 | |n 1 |2 udc | ||
| 952 | |0 0 |1 0 |4 0 |6 FU466 |7 1 |9 42525 |a Arxiu |b Arxiu |d 2016-12-01 |l 0 |o FU-46-6 |p 16830 |r 2016-12-01 00:00:00 |w 2016-12-01 |y ARXIU | ||
| 999 | |c 45030 |d 45030 | ||